| 000 | 00800nam a2200205 a 4500 | ||
|---|---|---|---|
| 001 | 000036218 | ||
| 005 | 20200930074951.0 | ||
| 008 | 120111s1956 mx 000 0 spa d | ||
| 040 |
_aDO-SdBNP _bspa _cBNPHU |
||
| 082 |
_axxx _bV665 |
||
| 100 | 1 |
_aViereck, Peter _962279 |
|
| 245 | 1 | 3 |
_aEl hombre inadaptado : _bUn nuevo héroe para los norteamericanos / _cPeter Viereck ; tradución Manuel Ortuño. |
| 260 |
_aArgentina : _aMéxico, : _bPax ; _bLibreria Carlos Cesarman, _c1956. |
||
| 300 |
_a428 p. ; _c19 cm. |
||
| 490 | 1 | _aHombre y civilización | |
| 500 | _aReflexiones en torno a la distinción entre conformismo y conservadurismo. | ||
| 534 |
_pTítulo original: _tThe unadjusted man _bThe beacon Press, 1956 |
||
| 700 | 1 |
_aOrtuño, Manuel, _ttr. _962280 |
|
| 830 | 0 |
_aHombre y civilización _962281 |
|
| 999 |
_c35709 _d35709 |
||